Komplexné posúdenie úrovne bezpečnosti v odbore Mechanik špecialista automobilovej výroby

Saved in:
Bibliographic Details
Main Author: Szabová, Mária, 1989- (Author)
Other Authors: Harangozó, Jozef, 1981- (Thesis advisor)
Format: Manuscript Book
Language:Slovak
Published: Trnava : STU v Bratislave MTF UBEI, 2013
Subjects:
Online Access:VAIS
Tags: Add Tag
No Tags, Be the first to tag this record!

MARC

LEADER 00000ntm a22000003a 4500
001 stu268344
005 20160719160721.6
008 130613s2013----xo------------------slo-d
040 |a STU  |b slo 
041 0 |a slo 
044 |a xo 
100 1 |a Szabová, Mária,  |d 1989-  |4 aut  |X 59693  |7 A000059693 
242 0 0 |a Comprehensive assessment of the safety level in the department of Mechanic specialist of the automotive production  |y eng 
245 1 |a Komplexné posúdenie úrovne bezpečnosti v odbore Mechanik špecialista automobilovej výroby 
260 |a Trnava :  |b STU v Bratislave MTF UBEI,  |c 2013 
650 7 |a integrovaná bezpečnosť  |2 stusub 
650 7 |a Integrated Safety  |2 estusub 
650 7 |a bezpečnostné značky  |2 stusub 
650 7 |a BOZP  |2 stusub 
650 7 |a osobné ochranné pracovné prostriedky  |2 stusub 
700 1 |a Harangozó, Jozef,  |d 1981-  |4 ths  |u M5000  |U MTF Materiálovotechnologická fakulta  |T MTF Ústav bezpečnosti, environmentu a kvality  |X 32742  |U M5000  |Y 85  |7 A000032742 
856 4 |a info a plný text  |u http://is.stuba.sk/zp/portal_zp.pl?podrobnosti=90035  |3 VAIS 
996 |c M*DP-11398  |l MMSKP  |s P  |a 0  |w stu268344_0001